000 00245nam a22001097a 4500
999 _c4390
_d4390
008 250213b ||||| |||| 00| 0 eng d
020 _a9788119307210
082 _a551.6
245 _aWEATHER
260 _aMUMBAI,INDIA
_bA WILCO BOOK
942 _2ddc